[Event "Odisha-ch 60th"]
[Site "Balasore"]
[Date "2019.10.05"]
[Round "9"]
[White "Rakesh, Kumar Nayak"]
[Black "Bidhar, Rutumbara"]
[Result "1/2-1/2"]
[WhiteElo "2037"]
[BlackElo "1847"]
[PlyCount "60"]
[EventDate "2019.10.01"]
[EventType "swiss"]
[EventRounds "9"]
[EventCountry "IND"]
[SourceTitle "CBM 192 Extra"]
[Source "Chessbase"]
[SourceDate "2019.11.06"]
[SourceVersion "1"]
[SourceVersionDate "2019.11.06"]
[SourceQuality "1"]

1. e4 e5 2. Nf3 Nc6 3. Nc3 Nf6 4. Bb5 Nd4 5. 0-0 Nxb5 6. Nxb5 c6 7. Nc3 d6 8. d4 Qc7 9. h3 Be7 10. Be3 h6 11. Qe2 0-0 12. a4 Rd8 13. Rfd1 Bd7 14. Bc1 b5 15. axb5 cxb5 16. dxe5 dxe5 17. Nd5 Nxd5 18. exd5 Bd6 19. c3 Re8 20. Nd2 a5 21. Ne4 Bf8 22. Qh5 f5 23. Ng3 Qc8 24. Qe2 Bd6 25. Qh5 Bf8 26. Qe2 Bd6 27. Qh5 Bf8 28. Qe2 Bd6 29. Qh5 Bf8 30. Qe2 Bd6 1/2-1/2

[Event "Odisha-ch 60th"]
[Site "Balasore"]
[Date "2019.10.04"]
[Round "6"]
[White "Bidhar, Rutumbara"]
[Black "Nayak, Rajesh"]
[Result "0-1"]
[WhiteElo "1847"]
[BlackElo "2242"]
[PlyCount "86"]
[EventDate "2019.10.01"]
[EventType "swiss"]
[EventRounds "9"]
[EventCountry "IND"]
[SourceTitle "CBM 192 Extra"]
[Source "Chessbase"]
[SourceDate "2019.11.06"]
[SourceVersion "1"]
[SourceVersionDate "2019.11.06"]
[SourceQuality "1"]

1. e4 e5 2. Nf3 Nc6 3. Bb5 a6 4. Bxc6 dxc6 5. 0-0 Bg4 6. h3 h5 7. d3 Qf6 8. Nbd2 Ne7 9. Re1 Ng6 10. d4 Bd6 11. hxg4 hxg4 12. Nh2 Rxh2 13. Qxg4 Qh4 14. Qxh4 Rxh4 15. Nf3 Rh7 16. dxe5 Nxe5 17. Nxe5 Bxe5 18. c3 0-0-0 19. f4 Bf6 20. Be3 Bh4 21. Red1 Re8 22. e5 Bg3 23. Kf1 Rh4 24. Rd4 c5 25. Rd5 Rh1+ 26. Bg1 Bxf4 27. g3 Be3 28. Kg2 Reh8 29. Rdd1 Bxg1 30. Rab1 R8h5 31. a4 c4 32. Rf1 Kd8 33. a5 Ke7 34. g4 R1h2+ 35. Kxg1 Rh1+ 36. Kf2 Rxf1+ 37. Rxf1 Rxe5 38. Ra1 Rb5 39. Ra2 Kf6 40. Ke3 Kg5 41. Kd4 Kxg4 42. Kxc4 g5 43. b4 f5 0-1

[Event "Gujarat op 2nd"]
[Site "Ahmedabad"]
[Date "2019.09.27"]
[Round "8"]
[White "Bidhar, Rutumbara"]
[Black "Harshita, Guddanti"]
[Result "1/2-1/2"]
[WhiteElo "1847"]
[BlackElo "2168"]
[PlyCount "90"]
[EventDate "2019.09.22"]
[EventType "swiss"]
[EventRounds "10"]
[EventCountry "IND"]
[SourceTitle "EXT 2020"]
[Source "ChessBase"]
[SourceDate "2019.10.17"]
[SourceVersion "1"]
[SourceVersionDate "2019.10.17"]
[SourceQuality "1"]

1. e4 e5 2. Nf3 Nc6 3. Bb5 a6 4. Bxc6 dxc6 5. 0-0 Bg4 6. h3 h5 7. d3 Qf6 8. Nbd2 Bc5 9. Nc4 Bxf3 10. Qxf3 Qxf3 11. gxf3 f6 12. f4 b5 13. Na5 Ne7 14. Kh1 Kd7 15. Bd2 Raf8 16. fxe5 fxe5 17. f4 exf4 18. Bxf4 Rf7 19. Nb3 Bb6 20. Bg5 Rhf8 21. Rxf7 Rxf7 22. Nd2 Ng6 23. Rf1 Ne5 24. Kg2 Ke6 25. Nf3 Nxf3 26. Rxf3 Rxf3 27. Kxf3 c5 28. Be3 Kf6 29. c3 a5 30. b3 c4 31. d4 cxb3 32. axb3 a4 33. bxa4 bxa4 34. Bc1 c5 35. Bb2 a3 36. Bxa3 cxd4 37. cxd4 Bxd4 38. Bc1 g5 39. Bd2 Be5 40. Ba5 Ke6 41. Bd2 Bf6 42. Bc1 Be7 43. Bb2 Bf6 44. Bc1 Be7 45. Bb2 Bf6 1/2-1/2

[Event "Commonwealth-ch"]
[Site "New Delhi"]
[Date "2019.07.05"]
[Round "7"]
[White "Bidhar, Rutumbara"]
[Black "Michelle, Catherina P"]
[Result "0-1"]
[WhiteElo "1961"]
[BlackElo "2182"]
[PlyCount "90"]
[EventDate "2019.06.30"]
[EventType "swiss"]
[EventRounds "9"]
[EventCountry "IND"]
[SourceTitle "CBM 191 Extra"]
[Source "ChessBase"]
[SourceDate "2019.09.30"]
[SourceVersion "1"]
[SourceVersionDate "2019.09.30"]
[SourceQuality "1"]

1. d4 Nf6 2. c4 e6 3. Nc3 Bb4 4. e3 0-0 5. Bd3 d5 6. cxd5 exd5 7. Nge2 Re8 8. 0-0 a5 9. a3 Bf8 10. Qc2 Na6 11. Rd1 c6 12. e4 dxe4 13. Nxe4 h6 14. N2g3 Nxe4 15. Bxe4 Bg4 16. f3 Be6 17. Be3 Nc7 18. Bf2 Nd5 19. Re1 Qg5 20. Qc1 Nf4 21. Be3 Bd6 22. Qd2 f5 23. Bd3 Nh3+ 24. gxh3 f4 25. Kh1 Bxh3 26. Bf2 Rxe1+ 27. Bxe1 fxg3 28. Qxg5 hxg5 29. hxg3 Be6 30. Kg2 g4 31. fxg4 Bd5+ 32. Kg1 Rf8 33. Bf5 Rf6 34. Bd2 Bxg3 35. Rf1 a4 36. g5 Rd6 37. Bb4 Rd8 38. Bd2 Re8 39. Bf4 Re2 40. Bh3 Bxf4 41. Rxf4 Rxb2 42. Rf2 Rb3 43. Bc8 b5 44. Kh2 Rxa3 45. Bf5 Ra2 0-1

[Event "Bangkok Cha Am op 18th"]
[Site "Bangkog"]
[Date "2018.04.18"]
[Round "6"]
[White "Siddharth, Jagadeesh"]
[Black "Bidhar, Rutumbara"]
[Result "1-0"]
[WhiteElo "2137"]
[BlackElo "1929"]
[PlyCount "113"]
[EventDate "2018.04.13"]
[EventType "swiss"]
[EventRounds "9"]
[EventCountry "THA"]
[SourceTitle "CBM 184 Extra"]
[Source "ChessBase"]
[SourceDate "2018.06.28"]
[SourceVersion "1"]
[SourceVersionDate "2018.06.28"]
[SourceQuality "1"]

1. d4 Nf6 2. c4 e6 3. g3 Bb4+ 4. Bd2 Be7 5. Bg2 d5 6. Nf3 c6 7. 0-0 Nbd7 8. Qc2 0-0 9. Bf4 b6 10. Nc3 Bb7 11. cxd5 Nxd5 12. Nxd5 exd5 13. Qa4 Re8 14. Rac1 Bf6 15. Rfe1 a5 16. Qb3 Rc8 17. Bh3 Ba6 18. Qc2 Qe7 19. Qf5 Nf8 20. Ne5 c5 21. Nd7 Nxd7 22. Qxd7 Rcd8 23. Qxe7 Rxe7 24. dxc5 bxc5 25. Rxc5 Bxb2 26. Rb1 Bf6 27. Rxd5 Rb7 28. Rxd8+ Bxd8 29. Rd1 Bf6 30. e4 Be2 31. Re1 Bf3 32. e5 Be7 33. Rc1 g5 34. Be3 Ba3 35. Re1 h6 36. Bd4 Bd5 37. Bg2 Bxg2 38. Kxg2 Bb4 39. Rc1 Rd7 40. Rc4 Kh7 41. Kf3 Rb7 42. Ke4 a4 43. Kf5 a3 44. Kf6 Bf8 45. Ra4 Rd7 46. Kf5 Kg8 47. Ke4 Rc7 48. Ra8 Rc2 49. Kd3 Rc7 50. Bc3 Rd7+ 51. Ke3 Rb7 52. Kd3 Rd7+ 53. Kc4 Rc7+ 54. Kb3 Rb7+ 55. Ka4 g4 56. Ka5 h5 57. Bb4 1-0

[Event "Penang op-A 9th"]
[Site "Penang"]
[Date "2017.12.05"]
[Round "2"]
[White "Dang, Hoang Son"]
[Black "Bidhar, Rutumbara"]
[Result "1-0"]
[WhiteElo "2340"]
[BlackElo "1922"]
[PlyCount "68"]
[EventDate "2017.12.04"]
[EventType "swiss"]
[EventRounds "9"]
[EventCountry "MAS"]
[SourceTitle "CBM 182 Extra"]
[Source "ChessBase"]
[SourceDate "2018.02.23"]
[SourceVersion "1"]
[SourceVersionDate "2018.02.23"]
[SourceQuality "1"]

1. d4 Nf6 2. Nf3 e6 3. g3 b6 4. Bg2 Bb7 5. 0-0 Be7 6. c4 0-0 7. Nc3 d5 8. cxd5 exd5 9. Ne5 Nc6 10. Qa4 Qd6 11. Bf4 Qe6 12. Rfd1 a6 13. Rac1 b5 14. Qc2 Na7 15. Nb1 Rac8 16. Nd3 Nd7 17. Be3 c6 18. Nd2 Rce8 19. Nb3 Bd6 20. Bf4 Bxf4 21. Nxf4 Qe7 22. Na5 Ba8 23. e3 Nb6 24. Nd3 Nd7 25. a3 g6 26. Nb4 Nb8 27. Qc5 Qd7 28. Qb6 Re6 29. Rc3 Qd8 30. Qxa7 Qxa5 31. Qxa8 Nd7 32. Qxa6 Qxa6 33. Nxa6 Nc5 34. Nxc5 Re7 1-0

[Event "Wch U20 Girls 35th"]
[Site "Tarvisio"]
[Date "2017.11.24"]
[Round "10"]
[White "Bidhar, Rutumbara"]
[Black "Gueci, Tea"]
[Result "0-1"]
[WhiteElo "1904"]
[BlackElo "2161"]
[PlyCount "104"]
[EventDate "2017.11.13"]
[EventType "swiss"]
[EventRounds "11"]
[EventCountry "ITA"]
[SourceTitle "CBM 181 Extra"]
[Source "ChessBase"]
[SourceDate "2017.12.12"]
[SourceVersion "1"]
[SourceVersionDate "2017.12.12"]
[SourceQuality "1"]

1. d4 Nf6 2. c4 c5 3. d5 e6 4. Nc3 exd5 5. cxd5 d6 6. e4 g6 7. Nf3 Bg7 8. Nd2 0-0 9. Be2 Re8 10. 0-0 Na6 11. f4 Rb8 12. Re1 Nc7 13. a4 b6 14. Bf3 h5 15. h3 Ng4 16. e5 Qh4 17. Nde4 dxe5 18. hxg4 hxg4 19. g3 Qh5 20. Bg2 Bf5 21. Kf2 Bxe4 22. Nxe4 Rbd8 23. d6 Ne6 24. Qd5 Qf5 25. d7 Re7 26. Nd6 Qf6 27. Ne8 Qf5 28. Be4 Nxf4 29. Bxf5 Nxd5 30. Bg5 f6 31. Nxg7 Kxg7 32. Be4 Nb4 33. Bd2 Rexd7 34. Bxb4 cxb4 35. a5 bxa5 36. Rxa5 Rb8 37. b3 f5 38. Bd5 e4 39. Rc1 Rbd8 40. Rcc5 Kf6 41. Ra6+ Kg5 42. Bxe4 Rd2+ 43. Ke3 Rd1 44. Bc2 Re8+ 45. Kf2 Rd2+ 46. Kf1 Rh8 47. Be4 Rhh2 48. Ra1 Rhf2+ 49. Kg1 Rfe2 50. Bc6 Re3 51. Rb1 Rxg3+ 52. Kf1 Rc3 0-1

[Event "Wch U20 Girls 35th"]
[Site "Tarvisio"]
[Date "2017.11.15"]
[Round "3"]
[White "Braganza, Nadia"]
[Black "Bidhar, Rutumbara"]
[Result "0-1"]
[WhiteElo "1536"]
[BlackElo "1904"]
[PlyCount "106"]
[EventDate "2017.11.13"]
[EventType "swiss"]
[EventRounds "11"]
[EventCountry "ITA"]
[SourceTitle "CBM 181 Extra"]
[Source "ChessBase"]
[SourceDate "2017.12.12"]
[SourceVersion "1"]
[SourceVersionDate "2017.12.12"]
[SourceQuality "1"]

1. e4 c5 2. Nf3 e6 3. d4 cxd4 4. Nxd4 Nf6 5. Nc3 d6 6. Be2 Be7 7. 0-0 0-0 8. f4 a6 9. Kh1 Nc6 10. Be3 Qc7 11. Qe1 Nxd4 12. Bxd4 b5 13. a3 Bb7 14. Bf3 e5 15. Be3 exf4 16. Bxf4 Nd7 17. Qg3 Qc5 18. Be2 Ne5 19. Bh6 Ng6 20. Be3 Qc7 21. Bh5 Bf6 22. Bxg6 hxg6 23. Rac1 Rfe8 24. Bf4 Rad8 25. Bg5 Bxg5 26. Qxg5 Re5 27. Qf4 Rde8 28. Rce1 d5 29. h3 dxe4 30. Nxe4 Qe7 31. Qxe5 Qxe5 32. Nf6+ gxf6 33. Rxe5 Rxe5 34. Rxf6 Re1+ 35. Kh2 Re2 36. Kg1 Rxg2+ 37. Kf1 Rxc2 38. Rf2 Rxf2+ 39. Kxf2 f5 40. h4 Kf7 41. Ke3 Kf6 42. Kf4 a5 43. b4 axb4 44. axb4 Bc6 45. Ke3 Ke5 46. Kd3 f4 47. Ke2 f3+ 48. Kf2 Kf4 49. Kf1 Kg3 50. Kg1 f2+ 51. Kf1 Kf3 52. h5 Be4 53. hxg6 Bd3# 0-1

[Event "Asia-ch U20 Girls"]
[Site "Shiraz"]
[Date "2017.05.06"]
[Round "5"]
[White "Bidhar, Rutumbara"]
[Black "Meghna, CH."]
[Result "1-0"]
[WhiteElo "1964"]
[BlackElo "1915"]
[PlyCount "57"]
[EventDate "2017.05.03"]
[EventType "swiss"]
[EventRounds "9"]
[EventCountry "IRI"]
[SourceTitle "CBM 178 Extra"]
[Source "ChessBase"]
[SourceDate "2017.06.22"]
[SourceVersion "1"]
[SourceVersionDate "2017.06.22"]
[SourceQuality "1"]

1. d4 e6 2. c4 d5 3. Nc3 Nf6 4. e3 Be7 5. b3 0-0 6. Bd3 Nbd7 7. Nge2 b6 8. 0-0 Bb7 9. Bb2 c5 10. Rc1 Rc8 11. Ng3 Re8 12. f4 cxd4 13. exd4 Bd6 14. Nb5 Bb8 15. Ba3 dxc4 16. bxc4 Nf8 17. c5 Qd5 18. Qe2 Red8 19. Bc4 Qd7 20. Nd6 Bxd6 21. cxd6 Ne8 22. Bb5 Bc6 23. Rxc6 Rxc6 24. d5 exd5 25. Qe7 Rdc8 26. Qxd7 Nxd7 27. Nf5 Nxd6 28. Bxd6 Rxd6 29. Ne7+ 1-0

[Event "IND-ch U19 Girls 46th"]
[Site "Rajahmundry"]
[Date "2016.10.12"]
[Round "7"]
[White "Bidhar, Rutumbara"]
[Black "Meghna, CH."]
[Result "1-0"]
[WhiteElo "1911"]
[BlackElo "1794"]
[PlyCount "65"]
[EventDate "2016.10.08"]
[EventType "swiss"]
[EventRounds "11"]
[EventCountry "IND"]
[SourceTitle "CBM 175 Extra"]
[Source "ChessBase"]
[SourceDate "2016.12.12"]
[SourceVersion "1"]
[SourceVersionDate "2016.12.12"]
[SourceQuality "1"]

1. d4 d5 2. c4 e6 3. Nc3 Nf6 4. e3 Be7 5. cxd5 exd5 6. Bd3 0-0 7. Nge2 b6 8. 0-0 c5 9. Ng3 Re8 10. Kh1 c4 11. Bc2 Nc6 12. a3 Rb8 13. f3 b5 14. Nce2 Qb6 15. e4 dxe4 16. fxe4 Bg4 17. e5 Nd5 18. Bf5 Bxf5 19. Nxf5 Rbd8 20. Qe1 Bf8 21. Qg3 Re6 22. Nh6+ Rxh6 23. Bxh6 Nxd4 24. Qf2 Qg6 25. Bg5 Nxe2 26. Bxd8 Nef4 27. Ba5 Nd3 28. Qf3 Qe6 29. Bb4 Nxe5 30. Qe4 Bxb4 31. axb4 a6 32. Rxa6 Qxa6 33. Qxe5 1-0

[Event "IND-ch U19 Girls 46th"]
[Site "Rajahmundry"]
[Date "2016.10.12"]
[Round "6"]
[White "Salonika, Saina"]
[Black "Bidhar, Rutumbara"]
[Result "1/2-1/2"]
[WhiteElo "2093"]
[BlackElo "1911"]
[PlyCount "51"]
[EventDate "2016.10.08"]
[EventType "swiss"]
[EventRounds "11"]
[EventCountry "IND"]
[SourceTitle "CBM 175 Extra"]
[Source "ChessBase"]
[SourceDate "2016.12.12"]
[SourceVersion "1"]
[SourceVersionDate "2016.12.12"]
[SourceQuality "1"]

1. e4 c5 2. f4 Nc6 3. Nc3 g6 4. Nf3 Bg7 5. Bb5 Nd4 6. 0-0 a6 7. Bd3 e6 8. e5 Nxf3+ 9. Qxf3 d5 10. exd6 Qxd6 11. Ne4 Qb6 12. Bc4 Nf6 13. d3 0-0 14. Rb1 Qc7 15. c3 Nxe4 16. dxe4 b5 17. Bd3 c4 18. Bc2 Bb7 19. Qf2 f5 20. exf5 exf5 21. Be3 Rfe8 22. Bb6 Qc6 23. Rbe1 Rxe1 24. Rxe1 Re8 25. Rxe8+ Qxe8 26. Kf1 1/2-1/2

[Event "Asia-ch Junior Girls blitz"]
[Site "Delhi"]
[Date "2016.05.11"]
[Round "1.5"]
[White "Uuriintuya, Uurtsaikh"]
[Black "Bidhar, Rutumbara"]
[Result "1-0"]
[WhiteElo "1976"]
[BlackElo "1691"]
[PlyCount "67"]
[EventDate "2016.05.11"]
[EventType "swiss (blitz)"]
[EventRounds "9"]
[EventCountry "IND"]
[SourceTitle "EXT 2022"]
[Source "ChessBase"]
[SourceDate "2021.10.06"]
[SourceVersion "1"]
[SourceVersionDate "2021.10.06"]
[SourceQuality "1"]

1. e4 c5 2. Nf3 e6 3. d4 cxd4 4. Nxd4 a6 5. Nc3 Qc7 6. Be2 b5 7. 0-0 Bb7 8. Re1 Nf6 9. Bf3 d6 10. a4 bxa4 11. Rxa4 Be7 12. e5 dxe5 13. Bxb7 Qxb7 14. Rxe5 0-0 15. Nb3 Nc6 16. Re1 Rfd8 17. Qf3 Rab8 18. Bf4 Rbc8 19. Bg5 Nd5 20. Ne4 Ne5 21. Qg3 Ng6 22. Bxe7 Ndxe7 23. Nd6 Qd7 24. Rd4 e5 25. Rd2 Rb8 26. Nxf7 Kxf7 27. Rxd7 Rxd7 28. Nc5 Rd5 29. Qf3+ Kg8 30. Nb3 Rbd8 31. c4 Rd3 32. Qb7 Rxb3 33. Qxb3 Nf4 34. c5+ 1-0

[Event "Asia-ch U20 Girls rapid"]
[Site "New Delhi"]
[Date "2016.05.03"]
[Round "8"]
[White "Bala, Kannamma P"]
[Black "Bidhar, Rutumbara"]
[Result "1/2-1/2"]
[WhiteElo "2040"]
[BlackElo "1854"]
[PlyCount "110"]
[EventDate "2016.05.03"]
[EventType "swiss (rapid)"]
[EventRounds "9"]
[EventCountry "IND"]
[SourceTitle "CBM 172 Extra"]
[Source "ChessBase"]
[SourceDate "2016.06.21"]
[SourceVersion "1"]
[SourceVersionDate "2016.06.21"]
[SourceQuality "1"]

1. e4 c5 2. Nf3 e6 3. c4 Nc6 4. Nc3 e5 5. d3 d6 6. Be3 g6 7. Be2 Bg7 8. 0-0 Nge7 9. Nd5 Nxd5 10. cxd5 Ne7 11. b4 b6 12. bxc5 bxc5 13. Qd2 0-0 14. Bh6 f5 15. Bxg7 Kxg7 16. Bd1 h6 17. Qc3 f4 18. Nd2 g5 19. Nc4 Qc7 20. Bb3 Ba6 21. Rfd1 Bxc4 22. Bxc4 f3 23. g3 Qd7 24. Qe1 h5 25. Kh1 Rh8 26. Qe3 Qg4 27. Rab1 Kf6 28. Rg1 Rab8 29. Rxb8 Rxb8 30. Bb3 Kg6 31. Bd1 Rf8 32. Qe1 h4 33. gxh4 Qxh4 34. Rg3 g4 35. h3 Kf7 36. Kh2 Rh8 37. Qa5 Rb8 38. Qd2 Rg8 39. Ba4 Rg6 40. Bd7 gxh3 41. Rxf3+ Rf6 42. Rxf6+ Kxf6 43. Bxh3 Ng6 44. Qe3 Nf4 45. Qg3 Qxg3+ 46. Kxg3 Nxd3 47. Bf1 Nb4 48. Bc4 Kg5 49. Kf3 Kh4 50. Bb3 a5 51. a4 Nd3 52. Ke3 Nb2 53. Kd2 c4 54. Kc3 cxb3 55. Kxb3 Nc4 1/2-1/2

[Event "Asia-ch U20 Girls rapid"]
[Site "New Delhi"]
[Date "2016.05.03"]
[Round "6"]
[White "Bidhar, Rutumbara"]
[Black "Harshita, Guddanti"]
[Result "1/2-1/2"]
[WhiteElo "1854"]
[BlackElo "2052"]
[PlyCount "89"]
[EventDate "2016.05.03"]
[EventType "swiss (rapid)"]
[EventRounds "9"]
[EventCountry "IND"]
[SourceTitle "CBM 172 Extra"]
[Source "ChessBase"]
[SourceDate "2016.06.21"]
[SourceVersion "1"]
[SourceVersionDate "2016.06.21"]
[SourceQuality "1"]

1. d4 Nf6 2. c4 e6 3. Nc3 Bb4 4. Qc2 0-0 5. e3 c5 6. Nge2 d5 7. a3 Bxc3+ 8. bxc3 dxc4 9. Ng3 cxd4 10. cxd4 b5 11. a4 b4 12. Bxc4 a5 13. 0-0 Ba6 14. Bb2 Bxc4 15. Qxc4 Nbd7 16. e4 Rc8 17. Qb3 Nb6 18. e5 Nfd5 19. Ne4 Nc4 20. Rfc1 Ndb6 21. Nc5 Qd5 22. Ra2 Rfd8 23. Ba1 Nxe5 24. Qxd5 Rxd5 25. Rac2 Rcd8 26. f3 Ned7 27. Nb7 Rb8 28. Rc7 Nf8 29. Nc5 Nbd7 30. Nxd7 Rxd7 31. R7c5 Ra7 32. Kf2 b3 33. Bb2 Rb4 34. Rb5 Rxb5 35. axb5 f6 36. b6 Rb7 37. Rc5 Rxb6 38. Rxa5 Rc6 39. Ba3 Rc2+ 40. Kg3 Ng6 41. Ra8+ Kf7 42. Ra7+ Kg8 43. Ra8+ Kf7 44. Ra7+ Kg8 45. Ra8+ 1/2-1/2

[Event "IND-chT (Women) 14th"]
[Site "Bhubaneswar"]
[Date "2016.02.08"]
[Round "1.1"]
[White "Vijayalakshmi, Subbaraman"]
[Black "Bidhar, Rutumbara"]
[Result "1-0"]
[WhiteElo "2382"]
[BlackElo "1828"]
[PlyCount "71"]
[EventDate "2016.02.08"]
[EventType "team-tourn"]
[EventRounds "7"]
[EventCountry "IND"]
[SourceTitle "CBM 170 Extra"]
[Source "ChessBase"]
[SourceDate "2016.02.25"]
[SourceVersion "1"]
[SourceVersionDate "2016.02.25"]
[SourceQuality "1"]
[WhiteTeam "Air India (W)"]
[BlackTeam "Odisha (W)"]
[WhiteTeamCountry "IND"]
[BlackTeamCountry "IND"]

1. d4 Nf6 2. c4 g6 3. g3 Bg7 4. Bg2 d5 5. Nf3 0-0 6. 0-0 c6 7. Na3 a6 8. Be3 Nbd7 9. Qc1 Re8 10. Rd1 e5 11. dxe5 Nxe5 12. Nxe5 Rxe5 13. cxd5 Nxd5 14. Nc4 Re6 15. Nb6 Rxe3 16. Qxe3 Qxb6 17. Rxd5 Qxe3 18. Rd8+ Bf8 19. fxe3 Kg7 20. e4 Bc5+ 21. Kh1 Bb6 22. Re8 f5 23. Re7+ Kf6 24. Rxh7 Rb8 25. exf5 Bxf5 26. e4 Be6 27. Rf1+ Ke5 28. b3 Be3 29. Re7 Kd6 30. Rg7 g5 31. Rf3 Bc1 32. Rc3 Bb2 33. Rd3+ Kc5 34. Rxg5+ Kb4 35. Rd6 Bf7 36. e5 1-0

[Event "IND-ch U25 Girls 5th"]
[Site "Bhubaneswar"]
[Date "2015.12.11"]
[Round "2"]
[White "Kiran, Manisha Mohanty"]
[Black "Bidhar, Rutumbara"]
[Result "1-0"]
[WhiteElo "2150"]
[BlackElo "1734"]
[PlyCount "73"]
[EventDate "2015.12.10"]
[EventType "swiss"]
[EventRounds "8"]
[EventCountry "IND"]
[SourceTitle "CBM 169 Extra"]
[Source "ChessBase"]
[SourceDate "2015.12.18"]
[SourceVersion "1"]
[SourceVersionDate "2015.12.18"]
[SourceQuality "1"]

1. e4 c5 2. Nf3 e6 3. d4 cxd4 4. Nxd4 a6 5. Bd3 Qc7 6. Qe2 Nc6 7. Nxc6 dxc6 8. e5 Ne7 9. 0-0 Bd7 10. a4 Nd5 11. c3 c5 12. f4 h5 13. Nd2 0-0-0 14. Ne4 Be7 15. b4 cxb4 16. cxb4 Nxb4 17. Ba3 Bc6 18. Bxb4 Bxb4 19. Rfc1 f6 20. Bb5 Qb6+ 21. Kh1 f5 22. Bxc6 fxe4 23. a5 Qd4 24. Rab1 Kb8 25. Bxb7 Kxb7 26. Rc4 Qd3 27. Rcxb4+ Ka8 28. Qxe4+ Qxe4 29. Rxe4 Rd5 30. Ra4 Rc8 31. h3 Rcc5 32. Rb6 Ka7 33. Rxe6 g5 34. fxg5 Rxe5 35. Rxe5 Rxe5 36. h4 Kb7 37. g4 1-0

[Event "IND-ch U19 Girls"]
[Site "Dindigul"]
[Date "2015.07.26"]
[Round "6"]
[White "Srija, Seshadri"]
[Black "Bidhar, Rutumbara"]
[Result "1/2-1/2"]
[WhiteElo "2145"]
[BlackElo "1801"]
[PlyCount "94"]
[EventDate "2015.07.23"]
[EventType "swiss"]
[EventRounds "11"]
[EventCountry "IND"]
[SourceTitle "EXT 2016"]
[Source "ChessBase"]
[SourceDate "2015.10.08"]
[SourceVersion "1"]
[SourceVersionDate "2015.10.08"]
[SourceQuality "1"]

1. e4 c5 2. d4 cxd4 3. c3 dxc3 4. Nxc3 Nc6 5. Nf3 e6 6. Bc4 d6 7. 0-0 Nf6 8. Qe2 a6 9. Rd1 Qc7 10. Bf4 Be7 11. Rac1 0-0 12. Bb3 Qb8 13. Na4 b5 14. Rxc6 bxa4 15. Bxa4 Bd7 16. e5 Nd5 17. Bg3 Bxc6 18. Bxc6 Ra7 19. Bxd5 exd5 20. Nd4 Qb6 21. Nf5 dxe5 22. Bxe5 Bf6 23. Bxf6 Qxf6 24. Rxd5 Rb7 25. b3 Rb5 26. h3 Rxd5 27. Ne7+ Kh8 28. Nxd5 Qd6 29. Qc4 Qe5 30. a4 Qe1+ 31. Kh2 Qxf2 32. Qxa6 Qc5 33. Qc4 Qd6+ 34. g3 Rd8 35. Nf4 Qd2+ 36. Ng2 Qd5 37. Qc7 Re8 38. h4 Qxb3 39. a5 Qa2 40. a6 Qxa6 41. Qxf7 Rc8 42. Nf4 Rc2+ 43. Kh3 Qc8+ 44. Ne6 Qg8 45. Qd7 Rf2 46. Nf4 Qf8 47. h5 Qa8 1/2-1/2

[Event "IND-ch U19 Girls"]
[Site "Dindigul"]
[Date "2015.07.24"]
[Round "2"]
[White "Bidhar, Rutumbara"]
[Black "Mahalakshmi, Muganda Kumar"]
[Result "1/2-1/2"]
[WhiteElo "1801"]
[BlackElo "2149"]
[PlyCount "169"]
[EventDate "2015.07.23"]
[EventType "swiss"]
[EventRounds "11"]
[EventCountry "IND"]
[SourceTitle "EXT 2016"]
[Source "ChessBase"]
[SourceDate "2015.10.08"]
[SourceVersion "1"]
[SourceVersionDate "2015.10.08"]
[SourceQuality "1"]

1. d4 Nf6 2. c4 e6 3. Nc3 Bb4 4. Qc2 0-0 5. Nf3 d5 6. Bg5 h6 7. Bxf6 Qxf6 8. a3 Bxc3+ 9. bxc3 dxc4 10. e3 Nd7 11. Bxc4 b6 12. Bd3 Bb7 13. Be4 Bxe4 14. Qxe4 Qe7 15. 0-0 Nf6 16. Qd3 Rfd8 17. Rfd1 c5 18. a4 Qc7 19. Ne5 Rac8 20. h3 Rd5 21. c4 Rd6 22. Ra2 Rcd8 23. Re2 cxd4 24. exd4 Rxd4 25. Qxd4 Rxd4 26. Rxd4 g6 27. Nd3 Qc6 28. c5 bxc5 29. Rc2 Nd7 30. Nxc5 Nxc5 31. Rdc4 Qd7 32. Rxc5 Qxa4 33. R5c4 Qa5 34. Rc1 a6 35. Rc5 Qa4 36. R5c4 Qb5 37. Rc5 Qb4 38. R5c4 Qb5 39. Rc5 Qb6 40. Rc6 Qb7 41. Rc7 Qe4 42. R7c4 Qd3 43. R4c3 Qd4 44. Rc4 Qd2 45. R4c2 Qb4 46. Rc4 Qb3 47. R4c3 Qb4 48. Rc4 Qb5 49. Rc5 Qb6 50. Rc6 Qb7 51. Rc7 Qd5 52. R7c5 Qd4 53. R5c4 Qd3 54. R4c3 Qd2 55. R3c2 Qg5 56. Ra1 e5 57. Rxa6 e4 58. Rc3 Qd2 59. Re3 Qc1+ 60. Kh2 Qc2 61. Kg1 Qc1+ 62. Kh2 Qc2 63. Kg1 Qb1+ 64. Kh2 Kg7 65. f3 Qb8+ 66. Kg1 Qb1+ 67. Kh2 Qb8+ 68. Kg1 Qc8 69. Raa3 Qc1+ 70. Kh2 Qc7+ 71. Kg1 f5 72. fxe4 Qc1+ 73. Kh2 Qc7+ 74. e5 Kf7 75. Ra6 Qc4 76. e6+ Ke8 77. Ra8+ Ke7 78. Ra7+ Ke8 79. Re1 Qf4+ 80. Kh1 Qf2 81. Rea1 Qd4 82. Ra8+ Ke7 83. R1a6 Qd1+ 84. Kh2 Qd4 85. R8a7+ 1/2-1/2

[Event "IND-chB (Women) 42nd"]
[Site "Bhayandar"]
[Date "2015.07.08"]
[Round "8"]
[White "Bidhar, Rutumbara"]
[Black "Pratyusha, Bodda"]
[Result "0-1"]
[WhiteElo "1801"]
[BlackElo "2244"]
[PlyCount "74"]
[EventDate "2015.07.02"]
[EventType "swiss"]
[EventRounds "11"]
[EventCountry "IND"]
[SourceTitle "CBM 167 Extra"]
[Source "ChessBase"]
[SourceDate "2015.09.14"]
[SourceVersion "1"]
[SourceVersionDate "2015.09.14"]
[SourceQuality "1"]

1. d4 d5 2. c4 c6 3. Nf3 Nf6 4. Nc3 e6 5. Bg5 Nbd7 6. e3 Qa5 7. Bxf6 Nxf6 8. Qc2 Bb4 9. Bd3 dxc4 10. Bxc4 0-0 11. 0-0 Qd8 12. a3 Be7 13. Rfd1 b6 14. Ne5 Bb7 15. Bd3 Rc8 16. b4 Qc7 17. Ne4 Nd5 18. Nc3 Nxc3 19. Qxc3 c5 20. bxc5 bxc5 21. Rac1 Bd6 22. h3 cxd4 23. Qxc7 Rxc7 24. Rxc7 Bxc7 25. exd4 Rd8 26. Nc4 Kf8 27. Be2 Ba8 28. Ne3 Bb6 29. Nc2 Bc6 30. Rc1 Ba4 31. Ba6 Rd6 32. Nb4 Bxd4 33. Bb7 Bb6 34. Rc8+ Ke7 35. Kf1 Rd2 36. Bc6 Bxc6 37. Nxc6+ Kd7 0-1

[Event "IND-chB (Women) 42nd"]
[Site "Bhayandar"]
[Date "2015.07.03"]
[Round "2"]
[White "Bidhar, Rutumbara"]
[Black "Michelle, Catherina P"]
[Result "0-1"]
[WhiteElo "1801"]
[BlackElo "2220"]
[PlyCount "68"]
[EventDate "2015.07.02"]
[EventType "swiss"]
[EventRounds "11"]
[EventCountry "IND"]
[SourceTitle "CBM 167 Extra"]
[Source "ChessBase"]
[SourceDate "2015.09.14"]
[SourceVersion "1"]
[SourceVersionDate "2015.09.14"]
[SourceQuality "1"]

1. d4 Nf6 2. c4 e6 3. Nc3 Bb4 4. Qc2 d5 5. e3 0-0 6. a3 Be7 7. Nf3 Nbd7 8. b3 a5 9. Bd3 c5 10. 0-0 b6 11. Ne5 Bb7 12. f4 dxc4 13. bxc4 Rc8 14. d5 exd5 15. Nxd7 Qxd7 16. Bf5 Qc6 17. cxd5 Nxd5 18. Nxd5 Qxd5 19. Bxc8 Rxc8 20. Bb2 Qe6 21. Qf2 Qf5 22. Bc3 Bf8 23. Rfe1 Be4 24. Rad1 a4 25. Qh4 Qg6 26. Qh3 b5 27. Re2 Bf5 28. Qh4 Bg4 29. f5 Qh5 30. Qxh5 Bxh5 31. Red2 Bxd1 32. Rxd1 b4 33. Bb2 b3 34. Rc1 c4 0-1